| 000 | 01097cab a2200217 4500 | ||
|---|---|---|---|
| 001 | ABS39106 | ||
| 008 | 090401t1988 xxu||||| |||| 00| 0 eng d | ||
| 035 | _a(Sirsi) u14469 | ||
| 041 | _aeng | ||
| 100 | _aBailey, A. | ||
| 245 | _aPutting the professionals under one roof | ||
| 260 | _c1988 | ||
| 350 | _a0 | ||
| 490 |
_aDirector _v41(10) April 1988, 37-38(2) |
||
| 520 | _aBarriers between property related professions ie. accountants , lawyers , surveyors and architects are being broken down both in the field of house purchase , where the day of one-stop shopping is close and in larger general surveying practices which are beginning to offer a services including financial services and research . Many major firms have already established research departments to analyse and market the mass of information available to them eg. values, rents and locations and to produce reports on specific problems. | ||
| 650 | _aMIXED PARTNERSHIPS | ||
| 650 | _aMULTIDISCIPLINARY PRACTICES | ||
| 690 | _aMANAGEMENT-BUSINESS MANAGEMENT-PROFESSIONAL PRACTICE | ||
| 942 | _n0 | ||
| 948 | _c04/03/1997 | ||
| 999 |
_c9430 _d9430 |
||